Education for all 2000-2015: achievements and challenges summary (Record no. 75748)

MARC details
000 -LEADER
fixed length control field 01045nam a2200193 a 4500
008 - FIXED-LENGTH DATA ELEMENTS--GENERAL INFORMATION
fixed length control field 160120s2015 ||||||||||||||||| || u
050 ## - LIBRARY OF CONGRESS CALL NUMBER
Classification number UNESCO(02)2015/2A
110 ## - MAIN ENTRY--CORPORATE NAME
Corporate name or jurisdiction name as entry element United Nations Educational, Scientific and Cultural Organization (UNESCO)
245 10 - TITLE STATEMENT
Title Education for all 2000-2015: achievements and challenges summary
Statement of responsibility, etc. by United Nations Educational, Scientific and Cultural Organization [UNESCO]
260 ## - PUBLICATION, DISTRIBUTION, ETC.
Place of publication, distribution, etc. Paris:
Name of publisher, distributor, etc. United Nations Educational, Scientific and Cultural Organization (UNESCO)
Date of publication, distribution, etc. 2015
300 ## - PHYSICAL DESCRIPTION
Extent 52p.: ill.
650 ## - SUBJECT ADDED ENTRY--TOPICAL TERM
Topical term or geographic name entry element EDUCATION CHANGE--GOVERNMENT POLICY
650 ## - SUBJECT ADDED ENTRY--TOPICAL TERM
Topical term or geographic name entry element MILLENIUM DEVELOPMENT GOALS
650 #0 - SUBJECT ADDED ENTRY--TOPICAL TERM
Topical term or geographic name entry element EDUCATION AND STATE--CONGRESSES
650 ## - SUBJECT ADDED ENTRY--TOPICAL TERM
Topical term or geographic name entry element EDUCATION
650 ## - SUBJECT ADDED ENTRY--TOPICAL TERM
Topical term or geographic name entry element EDUCATION--INTERNATIONAL COOPERATION
995 ## -
-- SPECIAL COLLECTIONS
-- 2114
-- CBU-MAIN LIBRARY (Kitwe)
-- UNESCO(02)2015/2B
-- 2
-- AVAILABLE
-- Jan 22, 2016
-- B2114
-- International Publications
995 ## -
-- SPECIAL COLLECTIONS
-- 2113
-- CBU-MAIN LIBRARY (Kitwe)
-- UNESCO(02)2015/2A
-- 1
-- AVAILABLE
-- Jan 22, 2016
-- B2113
-- International Publications
999 ## -
-- 75748
-- 75748
Holdings
Withdrawn status Lost status Source of classification or shelving scheme Damaged status Not for loan Permanent Location Current Location Shelving location Date acquired Total Checkouts Full call number Barcode Date last seen Copy number Price effective from Koha item type
          CBU-MAIN LIBRARY, KITWE. CBU-MAIN LIBRARY, KITWE.   04/24/2023   UNESCO(02)2015/2B B2114 04/24/2023 1 04/24/2023 SPECIAL COLLECTION
          CBU-MAIN LIBRARY, KITWE. CBU-MAIN LIBRARY, KITWE.   04/24/2023   UNESCO(02)2015/2A B2113 04/24/2023 2 04/24/2023 SPECIAL COLLECTION